000 00533cam a2200181 a 4500
008 031124s1965 nyu 000 0 eng u
035 _aa433455
050 0 _aF3429 .1 .M3
_bB55 1965
100 1 _aBingham, Hiram
245 1 0 _aLost city of the incas :
_bthe story of Machu Picchu and its builders /
_cHiram Bingham.
260 _aNew York :
_bAtheneum,
_c1965.
300 _ax, 240 p. ;
_c19 cm.
440 0 _aAtheneum ;
_v33
500 _aIncluye indice
650 4 _aIncas
651 4 _aPeru
_xAntiguedades
942 _2lcc
_cLIB
999 _c64059
_d64059